Widok standardowy
Widok MARC
Pozycja Corporate Name
Liczba rekordów, w których użyto hasła: 1
001 - Numer kontrolny
- control field: 40683
003 - Identyfikator numeru kontrolnego
- control field: NUKAT
005 - Data i czas ostatniej modyfikacji
- control field: 20260427141727.0
008 - Dane kontrolne kodowane (40 znaków)
- fixed length control field: 200512n||azznnbabn |a ana |c
010 ## - Numer kontrolny Biblioteki Kongresu
- numer kontrolny LC: p 2020061450
035 ## - Numer systemowy
- numer systemowy: (PL)a1000000768160
040 ## - Instytucja sporządzająca rekord
- inst. przygot. dane do rek. khw: WA N
- język haseł przedmiotowych/tezaurus: DBN
- inst. wprow. rek. khw: WA N
043 ## - Kod obszaru geograficznego
- ISO code: GB
046 ## - Special dates
- Establishment date: 1940
- Termination date: 1942
110 2# - Hasło - nazwa ciała zbiorowego
- nazwa ciała zbior. lub geogr. na pocz.: Obóz oficerski (Tighnabruaich)
368 ## - Other Attributes
- Corp type: Obozy dla internowanych
370 ## - Associated place
- Country: Wielka Brytania
370 ## - Associated place
- Other assoc. place: Tighnabruaich (Wielka Brytania)
377 ## - Assoc lang
- Lang code: pol
410 2# - Trop zob. - nazwa ciała zbiorowego
- nazwa ciała zbior. lub geogr. na pocz.: Podobóz oficerski (Tighnabruaich)
410 2# - Trop zob. - nazwa ciała zbiorowego
- nazwa ciała zbior. lub geogr. na pocz.: Obóz oficerski w Tighnabruaich
410 2# - Trop zob. - nazwa ciała zbiorowego
- nazwa ciała zbior. lub geogr. na pocz.: Podobóz oficerski w Tighnabruaich
665 ## - Nota historyczna
- nota historyczna: Początkowo podobóz Obozu odosobnienia Rothesay, od 18 marca 1941 jako samodzielna instytucja.
670 ## - Źródło informacji
- źródło informacji: Nie tylko Rothesay / Krzysztof Kaczmarski. - Warszawa ; Rzeszów, 2020.
670 ## - Źródło informacji
- źródło informacji: „Więźniowie" Sikorskiego – internowani w Cerizay, Rothesay i Tighnabruaich.
- adres internetowy: https://czasopisma.uni.lodz.pl/historica/article/view/6299